Music Quiz

Random Music or Song Quiz

Beyoncé Albums Quiz Stats

 Plays Quiz Updated Jul 10, 2016

Also try: Beyoncé Songs
Challenge
Share
Tweet
Embed
Score 0/6 Timer 03:00
0 Plays Today
Year Album % Correct
2016Lemonade
95.1%
2013Beyoncé
90.4%
2008I Am... Sasha Fierce
85%
20114
83%
2006B'Day
78.9%
2003Dangerously In Love
76.3%

You're not logged in!

Compare scores with friends on all Sporcle quizzes.
OR
Log In

You Might Also Like...

Show Comments

Extras

Top Quizzes Today


Score Distribution

Your Account Isn't Verified!

In order to create a playlist on Sporcle, you need to verify the email address you used during registration. Go to your Sporcle Settings to finish the process.

Report this User

Report this user for behavior that violates our Community Guidelines.

Details: